000 005400000a22001810004500
001 10343
041 0 _aSPA
082 0 4 _aG 572 S5292h
100 1 _aShapiro, Harry L.
245 1 0 _aHombre, cultura y sociedad / Harry L. Shapiro ; Mayo antonio Sánchez, Traductor
260 _aMéxico, D.F. : Fondo de Cultura Económica
300 _a479 Pag
500 _aTítulo original : Man, culture, and society
942 _cBK
999 _c39919
_d39919
336 _atexto
_btxt
_2rdacontent
337 _2rdamedia
_asin mediación
_bn
338 _2rdacarrier
_avolumen
_bnc